Estadísticas para Historia por Letra - G

Haz click aquí para intentar la prueba.

Estadísticas generales

  • Esta prueba ha sido intentada 5.367 veces
  • La puntuación promedio es 11 de 21

Estadísticas de respuestas

PistaRespuesta% Correcto
País donde se encuentra el PartenónGrecia
97%
Máquina francesa de decapitaciónGuillotina
89%
El estilo de la arquitectura que fue ejemplificado por la Catedral de Notre DameGótico
88%
Llevó a la India a la independenciaMohandas Gandhi
88%
El astrónomo italiano que mejoró el telescopioGalileo Galilei
78%
Calendario que comenzó en 1582, nombrado en honor a un PapaCalendario
{Gregoriano}
71%
El archipiélago donde Darwin encontró sus pinzonesGalápagos
66%
Marxista argentino y usuario de boinaErnesto Guevara
65%
La policía secreta de la Alemania naziGestapo
65%
El sistema de campos de prisioneros soviéticosGulag
61%
La región que fue conquistada por Julio CésarGalia
55%
El inventor de la imprentaJohannes Gutenberg
55%
El primer hombre en el espacio extraterrestreYuri Gagarin
44%
La bahía cubana que fue arrendada a los EE.UU. en 1903Bahía de
{Guantánamo}
41%
Acuerdo de 1949 sobre las reglas de la guerraConvenios
de {Ginebra}
40%
Notable propagandista naziJoseph Goebbels
38%
La península turca y el lugar de un desastre británico en la Primera Guerra MundialGalípoli
23%
La sangrienta batalla de la Guerra Civil Estadounidense en PennsylvaniaGettysburg
23%
El presidente de los EE.UU. que fue asesinado en 1881James Garfield
17%
Los combatientes nepalíes en el ejército británicoGurkhas
14%
Enemigos de los gibelinosGüelfos
12%

Distribución de puntuación

Porcentaje por número respondido

Porcentaje de gente con cada puntuación

Historial de tus puntuaciones

No has intentado esta prueba.